=LDR 00000nam 2200000 4500 =001 INLIS000000000046201 =005 20150225111350.0 =006 =007 =008 =035 ##$$0010-021500000000762 =040 ##$$a Ind =082 ##$$a 631.58 =090 ##$$a 631.58$bNov m =100 ##$$a Novitarta =245 ##$$a Memanfaatkan lahan tidur$cNoviarta =260 ##$$a Surabaya$bDuta graha$c2007. =300 ##$$a 129 Hlm$bIlus$c21 cm. =850 ##$$a NBPDMAT =990 ##$$a 0001/BPAP-NTB/20142015 =990 ##$$a 0001/BPAP-NTB/2016